000 00434nam a22001577a 4500
003 OSt
005 20260425004814.0
008 260425b |||||||| |||| 00| 0 eng d
020 _a962-8936-06-9
040 _aDWCL Main Lib
_cOC
082 _aCirc. 425 B135e 2006
245 _aEnglish for modern living : sentence structures
260 _aLondon
_bMarshall Cvendish
_c2006
300 _a76 pages
942 _2ddc
_cBK-CIRC
_hCirc.
_n0
999 _c9868
_d9868